Statistiques concernant Autoroute en France Métropolitaine

Cliquez ici pour prendre le quiz!

Statistiques générales

  • Ce quiz a été pris 611 fois
  • Le résultat moyen est 47 sur 74

Statistiques - réponses

HintRéponse% Correct
A16Montsoult
100%
A1Paris
100%
A10Paris
100%
A4Paris
100%
A5Paris
100%
A6Paris
100%
A13Paris
100%
A11Ponthévrard
100%
Lille
98%
A43Lyon
98%
Lyon
98%
A7Lyon
98%
Lyon
98%
A51Marseille
98%
Marseille
98%
A89Bordeaux
95%
Bordeaux
95%
A63Bordeaux
95%
Bordeaux
95%
Strasbourg
95%
Toulouse
88%
A62Toulouse
88%
A64Toulouse
88%
Nantes
86%
A83Nantes
86%
Rennes
86%
A75Clermont-Ferrand
79%
Clermont-Ferrand
79%
A84Caen
76%
Caen
76%
A31Beaune
75%
A39Dijon
72%
A71Orléans
71%
A41Grenoble
69%
Tours
67%
A29Le Havre
66%
A26Calais
62%
A87Angers
61%
Bayonne
56%
Espagne
56%
Espagne
56%
Pau
56%
Italie
55%
La Roche-sur-Yon
55%
Troyes
51%
Allemagne
50%
A35Allemagne
50%
Ghyvelde
50%
Suisse
50%
Suisse
50%
Béziers
48%
Bourg-en-Bresse
48%
A61Narbonne
48%
Luxembourg
45%
Theillay
44%
A20Vierzon
44%
Montauban
42%
Niort
40%
A40Mâcon
38%
Nevers
38%
A19Sens
32%
Langres
29%
A36Ladoix-Serrigny
28%
Saint-Quentin
25%
A28Abbeville
24%
A9A7
22%
A8A7
22%
Tunnel du Mont-Blanc
21%
A77A6
20%
A65Langon
18%
Tunnel du Fréjus
18%
A85A11
15%
Artenay
12%
Col du Fau
5%

Distribution des résultats

Percentile par nombre de réponses

% des personnes avec chaque résultat

Votre développement - résultats

Vous n’avez pas pris ce quiz